000 00691nas a2200241 4500
001 BR8402040
003 BR-BrBNA
005 20231205085905.0
007 ta
008 230509b bl.|||p| |||| 00| 00por d
040 _aBR-BrBNA
_bpor
_cBiblioteca Nacional de Agricultura
041 _a(Pt)
072 _aL00
100 1 _aTeixeira, J.B.
245 1 _aCriacao de marreco Pekim [Rio Grande do Sul, Brasil]
650 _aPRODUCAO ANIMAL
650 _aPATO
650 _aCRIACAO
650 _aRIO GRANDE DO SUL
773 0 _tLavoura Arrozeira (Brazil)
_xISSN 0023-9143
_g(Jul 1984), v. 37(352) p. 33-34
_wBR8402040
909 _a202311
_bLúcia
_c55
_dLúcia Elande
942 _2AGRIS
_n0
_cANA
999 _c114563
_d114563